| 000 | 00784nam a2200229 a 4500 | ||
|---|---|---|---|
| 001 | 83181 | ||
| 003 | BD-RjUL | ||
| 005 | 20240228154816.0 | ||
| 008 | 240228s1962 le b 000 0 arar | ||
| 035 | _a(BD-RjUL) 83181 | ||
| 040 |
_aDLC _cDLC _dDLC _dNNU _dUkOxU _beng |
||
| 041 | _aara | ||
| 043 | _ama----- | ||
| 082 |
_223 _a892.709 _bZAT 1962 |
||
| 100 | 1 |
_aZayat Ahmed Hassan ;; زيات, احمد حسن _d1906-1987. _9245188 |
|
| 245 | 1 | 0 |
_aتاريخ الأدب العربي ;; Tārīkh al-adab al-ʿArabī / _c احمد حسن زيات ;; Ahmed Hassan Zayat |
| 260 |
_aMisr : _c[1962] _bMaktubat i Nahja, |
||
| 300 |
_a536 p.; _c25 cm. |
||
| 504 | _aIncludes bibliographical references. | ||
| 650 | 0 |
_aArabic literature _xHistory and criticism. _9245189 |
|
| 942 |
_2ddc _cBK |
||
| 999 |
_c83181 _d83181 |
||